000 00488nam a22001937a 4500
003 MPLRDC
005 20220104142944.0
008 210129b ||||| |||| 00| 0 eng d
020 _a978-986-6452-80-2
082 _a422.3 PCJ
100 _a裵才景
245 _a旧爱找创意
_c崔冬梅 译
250 _a初版一刷
260 _a台湾
_b和平国际文化有限公司
_c2010
300 _b152
490 _aHANDWORK 07
650 _a家庭布置
942 _cBK
_o422.3 PCJ
999 _c35240
_d35230